000 00379nam a22001577a 4500
003 OSt
005 20211118153905.0
008 211118b |||||||| |||| 00| 0 eng d
020 _a9788175342897
040 _aHU
_cDDC
082 _a340.1/CAR
245 _aThe growth of the law
260 _aNew Delhi
_bUniversal law
_c2012
300 _axvi,145p,20cm
942 _2ddc
_cBOOKS
_n0
999 _c19080
_d19080